Normal view MARC view
  • Roberto Tamassia, David Mount

Entry Corporate Name

Number of records used in: 1

001 - CONTROL NUMBER

  • control field: 124382

003 - CONTROL NUMBER IDENTIFIER

  • control field: NUST

005 - DATE AND TIME OF LATEST TRANSACTION

  • control field: 20240710171314.0

008 - FIXED-LENGTH DATA ELEMENTS

  • fixed length control field: 240710|| aca||aabn | a|a d

040 ## - CATALOGING SOURCE

  • Original cataloging agency: NUST
  • Transcribing agency: NUST

110 ## - HEADING--CORPORATE NAME

  • Corporate name or jurisdiction name as entry element: Roberto Tamassia, David Mount

670 ## - SOURCE DATA FOUND

  • Source citation: Work cat.: (NUST): Michael T. Goodrich 2926, Data Structures and Algorithms in C ++, 2004.
© 2023 Central Library, National University of Sciences and Technology. All Rights Reserved.